000 00891nam a2200217Ia 4500
001 15535
003 GE_BSU
008 181216s||||||||xx |||||||||||||| ||und||
040 _cGE_BSU
080 _a821.312.4
100 _aაირიში,უ.
245 _aფანჯარა ეზოს მხარეს. ჩიბუხიანი მთვარე. ხოოდის დებიუტი
245 _cრედ.ლ.ბეჟანიძე. მხატვ. ჯ.მიქელაძე. თარგმნ. ნ. ძოწენიძემ.
260 _aბათუმი
260 _bსაბჭოთა აჭარა
260 _c1979
300 _a248გვ.20სმ.
653 _aფანჯარა ეზოს მხარეს
653 _aჩიბუხიანი მთვარე. ხოოდის დებიუტი
942 _cBK
999 _c48635
_d48635